000 00215nam a22000857a 4500
008 160711b xxu||||| |||| 00| 0 eng d
100 _92543
_a Criffiths, R
245 _aCalculator Book
260 _aUSA
_b Puffin Book
_c1984
999 _c2209
_d2209